000 00346nam a2200145Ia 4500
008 150201s1995 xx 000 0 und d
082 _a617.692
_bC1995G
100 _aGRANT,ALAN
245 _aCOMPLETE PROSTHODONTICS PROBLEMS
250 _a1ST
260 _bMOSBY
_aDELHI
_c1995
300 _a1-143
650 _aPROSTHODONTICS
942 _2ddc
_cBK
999 _c3835
_d3835